Prólogo a un escrito filosófico del señor Victor Cousin (1834) / (Record no. 67235)

MARC details
000 -LEADER
campo de control de longitud fija 01053nam a2200265 i 4500
001 - NÚMERO DE CONTROL
campo de control 67235
003 - IDENTIFICADOR DE NÚMERO DE CONTROL
campo de control ES-MaACL
005 - FECHA Y HORA DE LA ÚLTIMA TRANSACCIÓN
campo de control 20230906170019.0
007 - CAMPO FIJO DE DESCRIPCIÓN FÍSICA--INFORMACIÓN GENERAL
campo de control de longitud fija t|
008 - DATOS DE LONGITUD FIJA--INFORMACIÓN GENERAL
campo de control de longitud fija 040513s2001 sp ||||1| spa d
020 ## - NÚMERO INTERNACIONAL ESTÁNDAR DEL LIBRO
Número Internacional Estándar del Libro 84-7491-612-7
080 ## - NÚMERO DE LA CLASIFICACIÓN DECIMAL UNIVERSAL
Número de la Clasificación Decimal Universal 1 Cousin, Victor
100 1# - ENTRADA PRINCIPAL--NOMBRE DE PERSONA
Nombre de persona Schelling, Friedrich Wilhelm Joseph.
9 (RLIN) 104293
245 10 - MENCIÓN DEL TÍTULO
Título Prólogo a un escrito filosófico del señor Victor Cousin (1834) /
Mención de responsabilidad, etc. F.W.J. Schelling ; introducción: Carlos Fernández Liria ; traducción: Cora Rodríguez Sáenz de la Calzada ; revisada por: Mª José Callejo Hernanz.
260 ## - PUBLICACIÓN, DISTRIBUCIÓN, ETC.
Lugar de publicación, distribución, etc. Madrid :
Nombre del editor, distribuidor, etc. Facultad de Filosofía de la Universidad Complutense,
Fecha de publicación, distribución, etc. [2001]
300 ## - DESCRIPCIÓN FÍSICA
Extensión 36 p. ;
Dimensiones 21 cm.
490 1# - MENCIÓN DE SERIE
Mención de serie Excerpta philosophica ;
Designación de volumen o secuencia 30
600 04 - PUNTO DE ACCESO ADICIONAL DE MATERIA--NOMBRE DE PERSONA
Nombre de persona Cousin, Victor.
9 (RLIN) 41306
700 1# - ENTRADA AGREGADA--NOMBRE PERSONAL
Nombre de persona Fernández Liria, Carlos.
9 (RLIN) 49874
700 1# - ENTRADA AGREGADA--NOMBRE PERSONAL
Nombre de persona Rodríguez Sáenz de la Calzada, Cora.
9 (RLIN) 98786
700 1# - ENTRADA AGREGADA--NOMBRE PERSONAL
Nombre de persona Callejo Hernanz, María José.
9 (RLIN) 33739
830 0# - PUNTO DE ACCESO ADICIONAL DE SERIE-TÍTULO UNIFORME
Título uniforme Excerpta philosophica ;
Designación de volumen o secuencia 30
9 (RLIN) 183155
852 ## - LOCALIZACIÓN
Ubicación ES-MaACL
Número de control de estantería 2178-F-21
Sublocalización o colección R.131981
Holdings
Estatus retirado Estado de pérdida Estado de daño No para préstamo Colección Biblioteca de origen Biblioteca actual Ubicación en estantería Fecha de adquisición Fuente de adquisición Total de préstamos Signatura topográfica completa Código de barras Visto por última vez Precio de reemplazo Tipo de ítem Koha
        Colección de folletos Biblioteca del Ateneo de Madrid Biblioteca del Ateneo de Madrid Depósito folletos 17/01/2008     2178-F-21 1070410 23/02/2023 23/02/2023 Folleto